[Event "Provence-ch prom Vitrolles 9899"]
[Site "France"]
[Date "1998.??.??"]
[Round "3"]
[White "Porte, Jacques"]
[Black "Mamert, Robert"]
[Result "0-1"]
[WhiteElo "1710"]
[BlackElo "1650"]
[PlyCount "130"]
[EventDate "1998.??.??"]
[EventType "tourn"]
[EventRounds "9"]
[EventCountry "FRA"]
[SourceTitle "EXT 2005"]
[Source "ChessBase"]
[SourceDate "2004.11.15"]
[SourceVersion "1"]
[SourceVersionDate "2004.11.15"]
[SourceQuality "1"]

1. d4 Nf6 2. c4 g6 3. Nc3 Bg7 4. Nf3 0-0 5. e4 d6 6. Be2 e5 7. Bg5 h6 8. dxe5 hxg5 9. exf6 Bxf6 10. h3 Nc6 11. Qc2 Re8 12. 0-0-0 Bxc3 13. Qxc3 Rxe4 14. Bd3 Re6 15. h4 g4 16. Nd2 Qf6 17. h5 Qxc3+ 18. bxc3 Ne5 19. Bc2 f5 20. hxg6 Rxg6 21. Rh5 Rf6 22. Rdh1 Nf7 23. f3 gxf3 24. Nxf3 Kg7 25. Ng5 Nh6 26. Nf3 Bd7 27. Re1 Re8 28. Rhh1 Rxe1+ 29. Rxe1 Re6 30. Rf1 Rg6 31. Nh4 Rg4 32. Nxf5+ Nxf5 33. Bxf5 Bxf5 34. Rxf5 Rxg2 35. Kb1 Kg6 36. Rf8 Rg5 37. Rc8 Rc5 38. Kb2 Rxc4 39. Kb3 Rc5 40. c4 Kf7 41. Rb8 b6 42. Ra8 a5 43. Rh8 Ke6 44. Rh7 d5 45. cxd5+ Kxd5 46. Rh5+ Kc6 47. Rh6+ Kb7 48. Rh7 b5 49. a3 Kb6 50. Rh6+ c6 51. Rh8 Rg5 52. Rh3 Rg6 53. Kc2 c5 54. Kb3 Rd6 55. Kc3 b4+ 56. axb4 axb4+ 57. Kc4 Rd4+ 58. Kb3 Kb5 59. Rh8 c4+ 60. Kb2 Rd2+ 61. Kc1 c3 62. Rb8+ Kc4 63. Rc8+ Kb3 64. Rc7 Rh2 65. Kd1 Kb2 0-1